Organická chemie

Podrobná bibliografia
Hlavní autori: Červinka, Otakar, 1925-2002 (Autor), Dědek, Václav, 1925- (Autor), Ferles, Miloslav, 1922- (Autor)
Médium: Kniha
Jazyk:čeština
Fyzický popis:791, [1] s. 24 cm
Vydavateľské údaje: Praha Informatorium 1991
ISBN:8085427036
Vydanie:4. vyd., v Informatoriu 1.

MARC

LEADER 00000nam a2200000 a 4500
001 vtls001131902
003 SK-MaSNL
005 20260301062935.0
008 250414s1991 CS 0 cze
020 |a 8085427036 
035 |a SNK000074754 
040 |a SNK  |b slo  |c SNK  |e AACR2 
041 0 |a cze 
044 |a [CS] 
080 |a 547(075.8)  |2 1981 
100 1 |a Červinka, Otakar,  |d 1925-2002  |4 aut  |9 217837 
245 1 0 |a Organická chemie  |c Otakar Červinka, Václav Dědek, Miloslav Ferles 
250 |a 4. vyd., v Informatoriu 1. 
260 |a Praha  |b Informatorium  |c 1991 
300 |a 791, [1] s.  |c 24 cm 
700 1 |a Dědek, Václav,  |d 1925-  |4 aut  |9 113744 
700 1 |a Ferles, Miloslav,  |d 1922-  |4 aut  |9 113747 
852 |a Slovenská národná knižnica 
919 |a 80-85427-03-6 
999 |c 622367  |d 624297 
952 |t P60, <04>, [BOOK], {604}  |a SNK  |b SNK  |y NEVYP  |7 0  |p 17A0029931  |o snkIC 119831 D1  |0 0  |1 1  |4 0  |d 1997-01-09  |l 0  |r 2005-01-01 00:00:00  |w 2026-02-23 
952 |t P60, <04>, [BOOK], {604}  |a SNK  |b SNK  |y VYP  |7 0  |p 17A0127029  |o snkIC 119831  |0 0  |1 0  |4 0  |d 1998-03-04  |l 0  |r 2005-01-01 00:00:00  |w 2026-02-23